01094cam a2200301 a 450000100040000000500170000402000150002104000230003605000250005908200120008410000240009624500910012025000440021126000210025530000390027649000300031550000220034550500080036752001680037552100200054352100200056365000530058365000530063665000260068965000200071565000260073570000310076181420230908151439.0 a0439371163 aDLCcDLCdDLCbeng00aPZ7.O81167bEar 200100aFic2211 aOsborne, Mary Pope.10aEarthquake in the early morning /cby Mary Pope Osborne ; illustrated by Sal Murdocca. aFirst Scholastic printing, January 2002 aNew York :c2001 a72 pages :billustrations ;c20 cm aMagic Tree HousevBook 24 a"Stepping stone." aN  aThe magic tree house takes Jack and Annie to San Francisco in 1906, in time for them to experience one of the biggest earthquakes the United States had ever known. a590 bLexile  aN bRaz-Plus  0aEarthquakeszCaliforniazSan FranciscovFiction. 1aEarthquakeszCaliforniazSan FranciscovFiction. 1aTime travelvFiction. 1aMagicvFiction. 1aTree housesvFiction.1 aMurdocca, Saleillustrator